| 000 | 00402nam a2200169Ia 4500 | ||
|---|---|---|---|
| 008 | 230524s9999 xx 000 0 und d | ||
| 020 | _a8122401198 | ||
| 082 |
_a510 _bBAS |
||
| 100 | _aM.N.Das | ||
| 245 | 0 | _aStatistical Methods and Concepts | |
| 250 | _a1SST | ||
| 260 |
_aNEW DELHI _bNew Age _c2003 |
||
| 300 | _aXII;256 | ||
| 500 | _aQuantity Number: 2 | ||
| 650 | _aMathematics | ||
| 942 | _cBK | ||
| 999 |
_c24139 _d24139 |
||